Guess the movies by the emojis - Statistics

General Stats
  • This quiz has been taken 264 times
  • The average score is 11 of 13
Answer Stats
Hint Answer % Correct
🌊🚒πŸšͺ Titanic
97%
😑😑😑😑😑😑
😑😑😑😑😑😑
12 angry men
96%
πŸ πŸ§’πŸΌπŸŽ… Home alone
95%
πŸš—πŸš™ Cars
94%
πŸ‘¦πŸ•ΈπŸ•· Spiderman
94%
πŸ‘šπŸ₯ΏπŸ›πŸ’‹ Barbie
91%
πŸ‘½β˜πŸš²πŸ›Έ E.T
90%
πŸ”‡πŸ‘πŸ‘ Silence of the lambs
90%
🏠🎈 Up
88%
πŸ˜€πŸŒβ€β™‚οΈ Happy gilmore
85%
πŸ’ƒπŸ•ΊπŸΌπŸŽΆπŸ‘— Lalaland
67%
πŸ¦πŸ“πŸˆπŸ«πŸ‡»πŸ‡³πŸͺ– Forrest gump
65%
πŸ•ΉπŸ‡πŸ¦ The hunger games
60%
No matching quizzes found
Score Distribution
Percent of People with Each Score
Percentile by Number Answered
Your Score History
You have not taken this quiz